Na obzoru obchodní právo.
Chápanie prípravy a vydania nového česko-slovenského obchodného kódexu ako prejavu rehabilitácie. Nesprávne chápanie významu obchodu v predchádzajúcej teórii a praxi. Nutnosť rehabilitovať všetky techniky, ktoré s obchodom súvisia, ako sú výskum trhu a marketing. Základné informácie o návrhoch novýc...
Salvato in:
| Autore principale: | |
|---|---|
| Natura: | Capitolo di libro |
| Lingua: | ceco |
| Soggetti: | |
| Tags: |
Nessun Tag, puoi essere il primo ad aggiungerne!!
|
MARC
| LEADER | 00000naa a2200000 4500 | ||
|---|---|---|---|
| 001 | r005043 | ||
| 005 | 20221125075839.7 | ||
| 041 | 0 | |a cze | |
| 044 | |a [CS] | ||
| 245 | 1 | 0 | |a Na obzoru obchodní právo. |c A. Cyrner |
| 520 | |a Chápanie prípravy a vydania nového česko-slovenského obchodného kódexu ako prejavu rehabilitácie. Nesprávne chápanie významu obchodu v predchádzajúcej teórii a praxi. Nutnosť rehabilitovať všetky techniky, ktoré s obchodom súvisia, ako sú výskum trhu a marketing. Základné informácie o návrhoch nových zákonov. | ||
| 610 | 2 | 0 | |a právo obchodné |
| 610 | 2 | 0 | |a ČSFR |
| 610 | 2 | 0 | |a obchod |
| 610 | 2 | 0 | |a marketing |
| 610 | 2 | 0 | |a výskum trhu |
| 610 | 2 | 0 | |a zákony |
| 100 | 1 | |a Cyrner, A. | |